| 000 | 00675nam a22002057a 4500 | ||
|---|---|---|---|
| 003 | 0 | ||
| 005 | 20230913125905.0 | ||
| 008 | 230913b xxu||||| |||| 00| 0 eng d | ||
| 020 | _a978-1-975164-44-7 | ||
| 050 |
_aRT 98 _b.R43 2022 |
||
| 100 | _aRector, Cherie | ||
| 245 |
_aCommunity and public health nursing : promoting thepublic's health _cCherie Rector |
||
| 250 | _aTenth edition | ||
| 260 |
_aPhiladelphia _bWolters Kluwer _cc2022. |
||
| 300 |
_axxiv, 892 pages : _bcol. ill. ; _c28 cm. |
||
| 500 | _aCommunity health nursing. | ||
| 504 | _aIncludes bibliographical references, glossary and index. | ||
| 650 | _aPublic health nursing. | ||
| 942 |
_2lcc _cBK |
||
| 999 |
_c365296 _d365296 |
||